00466nam a2200157 i 4500001000700000003000900007005001700016007000300033008004100036100002200077245010300099260004100202300002000243700002100263852002400284101308ES-MaACL20230906182853.0t|051017s1932 fr ||||1| fre d1 aMaurras, Charles.10aDictionnaire polithique et critique / cCharles Maurras; établi par les soins de Pierre Chardon. aParis : bCité des Livres, c1932. a5 v. ; c28 cm.1 aChardon, Pierre. aES-MaACLjC-19950-4